[Event "Bad Woerishofen sen"]
[Site "?"]
[Date "2007.03.16"]
[Round "9"]
[White "Fleckner, Hans"]
[Black "Grom, Waldemar"]
[Result "0-1"]
[WhiteElo "2007"]
[BlackElo "2024"]
[PlyCount "80"]
[EventDate "2007.??.??"]

1. e4 c5 2. Nf3 e6 3. d4 cxd4 4. Nxd4 a6 5. Bd3 Nf6 6. O-O Qc7 7. c4 Be7 8. Nd2
d6 9. b3 Nbd7 10. Bb2 O-O 11. Rc1 b6 12. Qe2 Bb7 13. Bb1 g6 14. f4 Qc5 15. Kh1
e5 16. Nc2 exf4 17. Rxf4 Ne5 18. Nd4 Nh5 19. Rff1 Bg5 20. Rcd1 Bc8 21. Nf5 Nf4
22. Rxf4 Bxf4 23. Ne7+ Kg7 24. Nf3 f6 25. Bd4 Qa3 26. Nd5 Bh6 27. Nc7 Rb8 28.
Nd5 b5 29. Nxf6 Kxf6 30. Nxe5 dxe5 31. Bb2 Qa5 32. Rd5 Re8 33. Qf2+ Kg7 34.
Rxe5 Rxe5 35. Bxe5+ Kg8 36. Bxb8 bxc4 37. h3 cxb3 38. Qb2 Be6 39. axb3 Qe1+ 40.
Kh2 Be3 0-1

[Event "Bad Woerishofen sen"]
[Site "?"]
[Date "2007.03.16"]
[Round "9"]
[White "Mahrla, Hans Dr"]
[Black "Weber, Gerhard Dr"]
[Result "1-0"]
[WhiteElo "1816"]
[BlackElo "1952"]
[PlyCount "20"]
[EventDate "2007.??.??"]

1. e4 e5 2. Nf3 Nc6 3. d4 exd4 4. Nxd4 Bc5 5. c3 Nge7 6. Be2 d5 7. exd5 Qxd5 8.
Bf3 Qe5+ 9. Be3 O-O 10. O-O Bxd4 1-0